000 01351nam a2200409Ia 4500
001 50944
005 20230411085934.0
008 070628s2007 sp r 000 0 spa
035 _a(OCoLC)ocn146167351
040 _aUIA
_bspa
_cUIA
_dPL#
_dDRFGD
020 _a9788433962584
020 _a8433962582
029 1 _aPL#
_b070010153
035 _a(OCoLC)146167351
041 1 _aspa
_hger
049 _aGRAL
050 1 4 _aE56p 2007
100 1 _aEnzensberger, Hans Magnus.
240 1 0 _aSchreckens mèanner. Versuch èuber den radikalen Verlierer.
_g[Titulo original].
_lEspañol
245 1 3 _aEl perdedor radical :
_bensayo sobre los hombres del terror /
_cHans Magnus Enzensberger ; traduccion de Richard Gross.
260 _aBarcelona :
_bAnagrama,
_c2007.
300 _a67 p. ;
_c20 cm.
440 0 _aColeccion Argumentos ;
_v363
650 4 _aTerroristas
_xPsicología
650 4 _aTerrorismo
_xAspectos religiosos
_xIslam
650 4 _aRadicalismo
_xAspectos religiosos
_xIslam
650 4 _aPerdedores
650 0 _aTerrorists
_xPsychology.
650 0 _aTerrorism
_xReligious aspects
_xIslam.
650 0 _aRadicalism
_xReligious aspects
_xIslam.
650 0 _aLosers.
700 1 _aGross, Richard
938 _aPuvill Libros
_bPUVL
_n9788433962584
_c$15.19
942 _2lcc
_cbk
946 _almminaya
994 _aC0
_bDRFGD
999 _c109655
_d109655